000 00359nam a2200145 a 4500
008 980721s1959||||xx 0 und c
040 _aSNK
_bslo
_cSNK
_eAACR2
100 1 _aHrušovský, Igor
245 1 0 _aTri iniciatívy v dejinách filozofie
260 _aBratislava
_bSAV
_c1959
300 _a174 s.
020 _c13,40
041 _aslo
044 _axo
_cSK
999 _c15564
_d15564